000 00294nam a22001217a 4500
005 20230722113255.0
008 230722b ||||| |||| 00| 0 eng d
040 _cAL
041 _aeng
245 _aStudy on job satisfaction of executives and employees
260 _c2003
942 _2ddc
_cBK
999 _c228079
_d228079